01032cam a22002531 4500001001300000003000400013005001700017008004100034010001700075035001900092040005100111042001200162043001200174050001400186100002000200245011900220260011000339300002300449490009300472500001700565500007100582651004900653830007600702sd 62000006 DLC20260227112736.0810427r19621962dcu f100 0 eng c asd 62000006  a(OCoLC)7368187 aU.S. Dept. of State. LibrarycGAuAdOCoLCdDLC apremarc an-us---00aE841b.B31 aBall, George W.14aThe practice of foreign policy.b[Address made before the Northwestern Law Alumni Association at Chicago on May 9. aWashington]bDept. of State; [for sale by the Superintendent of Documents, U.S. Govt. Print. Off.,c1962] a13 p.c22 x 10 cm.1 a[United States.] Dept. of State. Publicationv7396.aGeneral foreign policy series,v181 aCover title. a"Reprinted from the Department of State Bulletin of May 28, 1962." 0aUnited StatesxForeign relationsy1961-1963. 0aDepartment of State publication.pGeneral foreign policy series ;v181.